000 00327 a2200157 4500
001 175270
020 _a85-10-03134-7
040 _cMagnum
100 _aSourient, Lilian
240 1 0 _aGeografia em foco 5
_lpor
245 1 0 _aGeografia em foco 5
300 _a159
362 0 _a2002
697 _aMISCELÂNEA
942 _cBK
999 _c175270
_d175270